<?xml version="1.0" encoding="UTF-8"?>
<record
    xmlns:xsi="http://www.w3.org/2001/XMLSchema-instance"
    xsi:schemaLocation="http://www.loc.gov/MARC21/slim http://www.loc.gov/standards/marcxml/schema/MARC21slim.xsd"
    xmlns="http://www.loc.gov/MARC21/slim">

  <leader>02846cam a2200409Ia 4500</leader>
  <controlfield tag="001">DIGAGUA0518</controlfield>
  <controlfield tag="003">NyNyDIG</controlfield>
  <controlfield tag="006">m     o  d        </controlfield>
  <controlfield tag="007">cr |||||||||||</controlfield>
  <controlfield tag="008">161101t19981998sp      ob    000 0 spa d</controlfield>
  <datafield tag="020" ind1=" " ind2=" ">
    <subfield code="z">8480181354</subfield>
  </datafield>
  <datafield tag="020" ind1=" " ind2=" ">
    <subfield code="z">9788480181358</subfield>
  </datafield>
  <datafield tag="035" ind1=" " ind2=" ">
    <subfield code="a">(OCoLC)607108324</subfield>
  </datafield>
  <datafield tag="040" ind1=" " ind2=" ">
    <subfield code="a">DGITA</subfield>
    <subfield code="b">eng</subfield>
    <subfield code="e">rda</subfield>
    <subfield code="e">pn</subfield>
    <subfield code="c">DGITA</subfield>
  </datafield>
  <datafield tag="050" ind1="1" ind2="4">
    <subfield code="a">PQ6623.A816 eBook</subfield>
  </datafield>
  <datafield tag="245" ind1="0" ind2="0">
    <subfield code="a">Azor&#xED;n :</subfield>
    <subfield code="b">fin de siglos (1898-1998) /</subfield>
    <subfield code="c">edici&#xF3;n de Antonio D&#xED;ez Mediavilla.</subfield>
  </datafield>
  <datafield tag="264" ind1=" " ind2="1">
    <subfield code="a">Alicante :</subfield>
    <subfield code="b">Instituto Alicantino de Cultura "Juan Gil-Albert" :</subfield>
    <subfield code="b">Editorial Aguaclara S.L.,</subfield>
    <subfield code="c">marzo,1998. </subfield>
  </datafield>
  <datafield tag="264" ind1=" " ind2="4">
    <subfield code="c">&#xA9;1998</subfield>
  </datafield>
  <datafield tag="300" ind1=" " ind2=" ">
    <subfield code="a">1 online resource (230 pages)</subfield>
  </datafield>
  <datafield tag="336" ind1=" " ind2=" ">
    <subfield code="a">text</subfield>
    <subfield code="b">txt</subfield>
    <subfield code="2">rdacontent</subfield>
  </datafield>
  <datafield tag="337" ind1=" " ind2=" ">
    <subfield code="a">computer</subfield>
    <subfield code="b">c</subfield>
    <subfield code="2">rdamedia</subfield>
  </datafield>
  <datafield tag="338" ind1=" " ind2=" ">
    <subfield code="a">online resource</subfield>
    <subfield code="b">cr</subfield>
    <subfield code="2">rdacarrier</subfield>
  </datafield>
  <datafield tag="490" ind1="1" ind2=" ">
    <subfield code="a">Colecci&#xF3;n Amalgama ;</subfield>
    <subfield code="v">18</subfield>
  </datafield>
  <datafield tag="504" ind1=" " ind2=" ">
    <subfield code="a">Includes bibliographical references.</subfield>
  </datafield>
  <datafield tag="505" ind1="1" ind2=" ">
    <subfield code="a">Pr&#xF3;logo / Antonio D&#xED;ez Mediavilla -- Jos&#xE9; Mart&#xED;nez Ruiz: vocaci&#xF3;n y aprendizaje (una aportaci&#xF3;n bibliogr&#xE1;fica a sus primeros a&#xF1;os de escritor) / Santiago Riop&#xE9;rez Y Mil&#xE1; -- Azor&#xED;n en Madrid (1896-1902) / Jos&#xE9; Montero Padilla -- Sobre cinco folletos literarios de J. Mart&#xED;nez Ruiz / Jos&#xE9; Mar&#xED;a Mart&#xED;nez Cachero -- Notas sobre los cuentos del joven J. Mart&#xED;nez Ruiz publicados en La federaci&#xF3;n de Alicante (1897-1900) / Mar&#xED;a Mart&#xED;nez del Portal -- Jos&#xE9; Mart&#xED;nez Ruiz, o el camino de imperfecci&#xF3;n de un intelectual finisecular (1893-1904) / Christian Manso -- Azor&#xED;n y la Espa&#xF1;a del 98 / Francisco Javier D&#xED;ez De Revenga -- Azor&#xED;n y la fuentes del dolor: unas notas sobre la "angustia inherente" / &#xC1;ngel Luis Prieto de Paula -- Mart&#xED;nez Ruiz y la novela en 1901: Diario de un enfermo / Antonio S&#xE1;nchez Mart&#xED;n -- Madrid en La voluntad (1902) / Miguel &#xC1;ngel Lozano Marco -- Azor&#xED;n, cr&#xED;tico en ciernes (1893-1905): el acercamiento a los cl&#xE1;sicos del XVII / Renata Londero -- El discurso nacionalista y el discurso sobre la mujer en el primer Azor&#xED;n, Roberta Johnson -- Di&#xE1;logos dram&#xE1;ticos azorinianos / Mariano de Paco -- La fuerza del amor, en los umbrales de una apuesta literaria / Antonio D&#xED;ez Mediavilla.</subfield>
  </datafield>
  <datafield tag="588" ind1="0" ind2=" ">
    <subfield code="a">Online resource; title from PDF title page (Digitalia, viewed October 30, 2016)</subfield>
  </datafield>
  <datafield tag="600" ind1="1" ind2="0">
    <subfield code="a">Azor&#xED;n,</subfield>
    <subfield code="d">1873-1967</subfield>
    <subfield code="x">Criticism and interpretation.</subfield>
  </datafield>
  <datafield tag="655" ind1=" " ind2="0">
    <subfield code="a">Electronic books.</subfield>
  </datafield>
  <datafield tag="700" ind1="1" ind2=" ">
    <subfield code="a">D&#xED;ez Mediavilla, Antonio,</subfield>
    <subfield code="d">1951-</subfield>
    <subfield code="e">editor.</subfield>
  </datafield>
  <datafield tag="776" ind1="0" ind2="8">
    <subfield code="i">Print version:</subfield>
    <subfield code="t">Azor&#xED;n : fin de siglos (1898-1998).</subfield>
    <subfield code="d">Alicante : Editorial Aguaclara S.L, 1998.</subfield>
    <subfield code="z">9788480181358</subfield>
    <subfield code="w">(OCoLC)39202764</subfield>
  </datafield>
  <datafield tag="791" ind1="2" ind2=" ">
    <subfield code="a">Digitalia (Firm),</subfield>
    <subfield code="e">distributor.</subfield>
  </datafield>
  <datafield tag="830" ind1=" " ind2="0">
    <subfield code="a">Colecci&#xF3;n Amalgama ;</subfield>
    <subfield code="v">18.</subfield>
  </datafield>
  <datafield tag="793" ind1="0" ind2=" ">
    <subfield code="g">Digitalia eBook Collection:</subfield>
    <subfield code="a">Editorial Aguaclara.</subfield>
  </datafield>
  <datafield tag="856" ind1="4" ind2="0">
    <subfield code="3">Digitalia Hisp&#xE1;nica</subfield>
    <subfield code="u">https://www.digitaliapublishing.com/a/103/</subfield>
  </datafield>
  <datafield tag="910" ind1=" " ind2=" ">
    <subfield code="a">Premium Collection: 2007-2012</subfield>
  </datafield>
  <datafield tag="942" ind1=" " ind2=" ">
    <subfield code="c">RAA</subfield>
  </datafield>
  <datafield tag="952" ind1=" " ind2=" ">
    <subfield code="0">0</subfield>
    <subfield code="1">0</subfield>
    <subfield code="4">0</subfield>
    <subfield code="7">0</subfield>
    <subfield code="8">DEH</subfield>
    <subfield code="a">BD-UIN</subfield>
    <subfield code="b">BD-UIN</subfield>
    <subfield code="d">2025-04-25</subfield>
    <subfield code="l">0</subfield>
    <subfield code="r">2025-04-25</subfield>
    <subfield code="w">2025-04-25</subfield>
    <subfield code="y">RAA</subfield>
  </datafield>
  <datafield tag="999" ind1=" " ind2=" ">
    <subfield code="c">229199</subfield>
    <subfield code="d">229199</subfield>
  </datafield>
</record>
